000 00474nam a2200181Ia 4500
001 19819
005 20260306172720.0
008 260306t2014||||xx |||||||||||||| ||spa||
041 _aESP
082 _a341.1
_bS17
100 _aSaldaña Serrano, Javier
_eAUT
245 0 _aDerecho natural. Tradición, falacia naturalista y derechos humanos
260 _c2014
300 _axxi, 181 páginas :
_c23 cm.
650 _aGEN
654 _aCDE
942 _cLIB
_dJUS
_fJUS
_2ddc
_n
999 _c19819
_d19819